|
|
|
|
| LEADER |
00000nam0a2200000 4500 |
| 001 |
53009 |
| 005 |
20231031043836.0 |
| 010 |
|
|
|a 9667035298
|
| 035 |
|
|
|a (RuTPU)RU\TPU\book\55587
|
| 090 |
|
|
|a 53009
|
| 100 |
|
|
|a 20030610d2000 m y0rusy50 ca
|
| 101 |
0 |
|
|a rus
|
| 102 |
|
|
|a UA
|
| 105 |
|
|
|a a j 001zy
|
| 200 |
1 |
|
|a Экология города
|e учебник
|f Под ред. Ф. В. Стольберга
|
| 210 |
|
|
|a Киев
|c Либра
|d 2000
|
| 215 |
|
|
|a 464 с.
|c ил.
|
| 320 |
|
|
|a Библиогр. в конце глав
|
| 320 |
|
|
|a Предм. указ.: с.463
|
| 610 |
1 |
|
|a экология
|
| 610 |
1 |
|
|a города
|
| 610 |
1 |
|
|a учебники
|
| 610 |
1 |
|
|a городская среда
|
| 610 |
1 |
|
|a геологическая среда
|
| 610 |
1 |
|
|a водная среда
|
| 610 |
1 |
|
|a поверхностный сток
|
| 610 |
1 |
|
|a воздушная среда
|
| 610 |
1 |
|
|a городская флора
|
| 610 |
1 |
|
|a городская фауна
|
| 610 |
1 |
|
|a человек
|
| 610 |
1 |
|
|a энергетические объекты
|
| 610 |
1 |
|
|a бытовые отходы
|
| 610 |
1 |
|
|a производственные отходы
|
| 610 |
1 |
|
|a санитарная очистка
|
| 610 |
1 |
|
|a Украина
|
| 610 |
1 |
|
|a экологические проблемы
|
| 610 |
1 |
|
|a экологическая безопасность
|
| 610 |
1 |
|
|a управление
|
| 675 |
|
|
|a 504.03(075.8)
|v 3
|
| 702 |
|
1 |
|a Стольберг
|b Ф. В.
|4 340
|
| 801 |
|
1 |
|a RU
|b 63413507
|c 20030610
|g PSBO
|
| 801 |
|
2 |
|a RU
|b 63413507
|c 20120210
|g PSBO
|
| 900 |
|
|
|a Экология
|
| 942 |
|
|
|c BK
|
| 952 |
|
|
|a 511100
|b 013100
|